000 00296nam a22001337a 4500
008 171107b xxu||||| |||| 00| 0 eng d
020 _a9780072834949
041 _aeng
080 _a330.722.6
100 _a62
101 _akon
245 _aMANGERIAL ACCOUTING
_cGARRISON.N
942 _2udc
_cBK
999 _c38137
_d38137